Η Ευρωπαϊκή Ολοκλήρωση / Η Ελλάδα μετά το Μάαστριχτ (Record no. 2049)
[ view plain ]
| 000 -LEADER | |
|---|---|
| fixed length control field | 01122cam a22001814a 4500 |
| 005 - ΗΜΕΡΟΜΗΝΙΑ ΚΑΙ ΩΡΑ ΤΕΛΕΥΤΑΙΑΣ ΕΝΗΜΕΡΩΣΗΣ | |
| Πεδίο ελέγχου | 20250605163316.0 |
| 008 - FIXED-LENGTH DATA ELEMENTS--GENERAL INFORMATION | |
| Πεδίο ελέγχου σταθερού μήκους | 250528s ||||||||||||||||||||||||d |
| 035 ## - SYSTEM CONTROL NUMBER | |
| System control number | 16557 |
| 020 ## - ISBN | |
| ISBN | 9608529700 |
| 040 ## - ΠΗΓΗ ΚΑΤΑΛΟΓΟΓΡΑΦΗΣΗΣ | |
| Φορέας πρωτότυπης καταλογογράφησης | MC Athens Campus Library |
| Γλώσσα καταλογογράφησης | Ελληνικά, Μοντέρνα (1453-) |
| Modifying agency | MC Athens Campus Library |
| Κανόνες περιγραφικής καταλογογράφησης | AACR2 |
| 245 1# - ΤΙΤΛΟΣ ΚΑΙ ΔΗΛΩΣΗ ΥΠΕΥΘΥΝΟΤΗΤΑΣ | |
| Τίτλος | Η Ευρωπαϊκή Ολοκλήρωση / Η Ελλάδα μετά το Μάαστριχτ |
| 260 ## - PUBLICATION, DISTRIBUTION, ETC. | |
| Name of publisher, distributor, etc. | Ένωση Ελληνικών Ασφαλιστικών Εταιριών, |
| Date of publication, distribution, etc. | 1992 |
| 300 ## - PHYSICAL DESCRIPTION | |
| Extent | 384 |
| 520 ## - SUMMARY, ETC. | |
| Summary, etc. | Άρθρα σχετικά με τη Συνθήκη για την Ευρωπαϊκή Ένωση και τη Συμμετοχή της Ελλάδος, Η Συνθήκη για την Ευρωπαϊκή Ένωση, Συνεντεύξεις Ελλήνων Ευρωβουλευτών Σχετικά με την Πορεία της Ευρωπαϊκής Ένωσης και το Ρόλο της Ελλάδος, Ομιλίες των Πολιτικών Αρχηγών στη Βουλή των Ελλήνων κατά τη Συζήτηση για την Κύρωση της Συνθήκης. |
| 942 ## - ADDED ENTRY ELEMENTS (KOHA) | |
| Koha item type | Books |
| Τύπος τεκμηρίου | Βιβλιοθήκη | Τρέχουσα τοποθεσία | Barcode | Αριθμός εισαγωγής | Ημερομηνία απόκτησης | Ταξιθετικό σύμβολο | Αριθμός αντιτύπου | Κατάσταση απόσυρσης | Κατάσταση χαμένου | Κατάσταση κατεστραμμένου | Μη δανεισμός | Σύνολο δανεισμών | Ημερομηνία τελευταίας εμφάνισης | Η τιμή ισχύει από |
|---|---|---|---|---|---|---|---|---|---|---|---|---|---|---|
| Books | MC Athens Campus Library | MC Athens Campus Library | 9780000020482 | 4261 | 05/06/2025 | 337.142 EAE | 1 | 05/06/2025 | 05/06/2025 |